Deep Learning (Record no. 350824)

MARC details
000 -LEADER
fixed length control field 00461nam a2200169Ia 4500
008 - FIXED-LENGTH DATA ELEMENTS--GENERAL INFORMATION
fixed length control field 230718s9999 xx 000 0 und d
020 ## - INTERNATIONAL STANDARD BOOK NUMBER
International Standard Book Number 9780262035613
041 ## - LANGUAGE CODE
Language code of text/sound track or separate title eng
082 ## - DEWEY DECIMAL CLASSIFICATION NUMBER
Classification number 006.32
Item number GOO
100 ## - MAIN ENTRY--PERSONAL NAME
Personal name Goodfellow I.
245 ## - TITLE STATEMENT
Title Deep Learning
260 ## - PUBLICATION, DISTRIBUTION, ETC. (IMPRINT)
Date of publication, distribution, etc. 2016
Name of publisher, distributor, etc. The MIT Press
300 ## - PHYSICAL DESCRIPTION
Extent 775
365 ## - TRADE PRICE
Currency code Rs.
Price amount 5984.00
700 ## - ADDED ENTRY--PERSONAL NAME
Personal name Goodfellow I.; Bengio Y. & Courville A.
906 ## - LOCAL DATA ELEMENT F, LDF (RLIN)
d O:0688124-Jan-2020B:SDEE 35720-Jan-2020
c BCOMP
b 9246.72
Holdings
Withdrawn status Lost status Damaged status Not for loan Home library Current library Date acquired Vendor Budget Code Cost, normal purchase price Bill number Total Checkouts Full call number Barcode Date last seen Date last checked out Discount Cost, replacement price Bill Date Koha item type Original Barcode
        Cummins College of Engineering for Women Pune Cummins College of Engineering for Women Pune 24/01/2020 Amazon BCOMP 1360.64 SDEE 357 18 006.32 CCEP-BK-62031 20/03/2026 05/03/2026 9246.72 5984.00 20/01/2020 Books 062031